Albums studios de Michel Berger - Statistiques

Statistiques générales
  • Ce quiz a été pris 8 fois
  • Le résultat moyen est 10 sur 13
Statistiques - réponses
Année Album % Correct
1981 Beaurivage
100%
1992 Double Jeu
100%
1973 Michel Berger
100%
1980 Beauséjour
86%
1990 Ça ne tient pas debout
86%
1985 Différences
86%
1983 Voyou
86%
1974 Chansons pour une fan
71%
1971 Puzzle
71%
1976 Mon piano danse
57%
1982 Dreams in Stone
43%
1975 Que l'amour est bizarre
43%
1964 D'autres filles
29%
Aucun quiz correspondant
Distribution des résultats
% des personnes avec chaque résultat
Percentile par nombre de réponses
Votre historique - résultats
Vous n’avez pas pris ce quiz